Sports Quiz

Random Sports or Basketball Quiz

NBA Most Top 5 Finishes (Points) Quiz Stats

Quiz Updated Jun 15, 2017

Challenge
Share
Tweet
Embed
Score 0/23 Timer 06:00
2 Plays Today
Last Top 5 Finish Player % Correct
2015-2016LeBron James
97.6%
1997-1998Michael Jordan
96.9%
2012-2013Kobe Bryant
93%
1967-1968Wilt Chamberlain
82.5%
2000-2001Shaquille O'Neal
81.5%
2015-2016Kevin Durant
78.2%
1980-1981Kareem Abdul-Jabbar
77.9%
1999-2000Karl Malone
77.8%
2007-2008Allen Iverson
76.5%
1969-1970Jerry West
71.3%
2016-2017Russell Westbrook
63.4%
1968-1969Oscar Robertson
52.2%
Last Top 5 Finish Player % Correct
2009-2010Dirk Nowitzki
49.4%
1967-1968Elgin Baylor
47.1%
1953-1954George Mikan
43.7%
1992-1993Dominique Wilkins
41.4%
1982-1983George Gervin
41.1%
1963-1964Bob Pettit
40.1%
1988-1989Alex English
35.1%
1976-1977Elvin Hayes
29.8%
1958-1959Paul Arizin
16%
1956-1957Neil Johnston
6.6%
1953-1954Ed Macauley
3.8%

You're not logged in!

Compare scores with friends on all Sporcle quizzes.
Sign Up with Email
OR
Log In

You Might Also Like...

Show Comments

Extras

Top Quizzes Today


Score Distribution

Your Account Isn't Verified!

In order to create a playlist on Sporcle, you need to verify the email address you used during registration. Go to your Sporcle Settings to finish the process.